[Event "Obert Figueres Miquel Mas 2010"]
[Site "Figueres ESP"]
[Date "2010.08.14"]
[Round "4.15"]
[White "Buch Prades, Joan"]
[Black "Vilar Lopez, Monica"]
[Result "1/2-1/2"]
[WhiteElo "1877"]
[BlackElo "2166"]
[PlyCount "61"]
[EventDate "2011.08.11"]
[EventType "swiss"]
[EventRounds "9"]
[EventCountry "ESP"]
[Source "lmi"]
[SourceDate "2010.08.11"]

1. d4 d5 2. c4 e6 3. Nc3 c5 4. cxd5 exd5 5. Nf3 Nc6 6. dxc5 d4 7. Na4 Bxc5 8.
Nxc5 Qa5+ 9. Qd2 Qxc5 10. e3 dxe3 11. Qxe3+ Qxe3+ 12. Bxe3 Nf6 13. Bb5 O-O 14.
Bxc6 bxc6 15. O-O Be6 16. Ne5 Bd5 17. Rfc1 Rfc8 18. Rc5 a5 19. Rac1 Ra6 20. a3
h6 21. h4 Rb8 22. Bd4 Rd8 23. Nxc6 Rxc6 24. Rxc6 Bxc6 25. Bxf6 Rd6 26. Be5 Re6
27. Bc3 a4 28. Rd1 Rg6 29. g3 Re6 30. Rd8+ Kh7 31. Rd1 1/2-1/2

[Event "Obert Figueres Miquel Mas 2010"]
[Site "Figueres ESP"]
[Date "2010.08.14"]
[Round "4.16"]
[White "Gomez, Gustavo Pizzocaro"]
[Black "Garcia-Castany Musellas, Gal La"]
[Result "1-0"]
[WhiteElo "2142"]
[BlackElo "1753"]
[PlyCount "63"]
[EventDate "2011.08.11"]
[EventType "swiss"]
[EventRounds "9"]
[EventCountry "ESP"]
[Source "lmi"]
[SourceDate "2010.08.11"]

1. d4 d5 2. Nf3 Nf6 3. c4 e6 4. e3 c6 5. b3 Nbd7 6. Nbd2 Bd6 7. Bb2 O-O 8. Bd3
Qe7 9. Ne5 Ne8 10. O-O f6 11. Nxd7 Bxd7 12. e4 Nc7 13. f4 dxe4 14. Nxe4 c5 15.
b4 f5 16. Nxd6 Qxd6 17. dxc5 Qe7 18. Be5 Ne8 19. Be2 a5 20. a3 Bc6 21. Bd6 Nxd6
22. cxd6 Qf6 23. b5 Be4 24. c5 Rac8 25. Rc1 Rfd8 26. Qd2 h6 27. Bf3 Bxf3 28.
Rxf3 e5 29. Qd5+ Kh7 30. fxe5 Qg5 31. Rcf1 a4 32. c6 1-0

[Event "Obert Figueres Miquel Mas 2010"]
[Site "Figueres ESP"]
[Date "2010.08.14"]
[Round "4.18"]
[White "Prats Rodriguez, Juan Bosco"]
[Black "Cano Egea, Gerard"]
[Result "1/2-1/2"]
[WhiteElo "2106"]
[BlackElo "1698"]
[PlyCount "97"]
[EventDate "2011.08.11"]
[EventType "swiss"]
[EventRounds "9"]
[EventCountry "ESP"]
[Source "lmi"]
[SourceDate "2010.08.11"]

1. e4 e5 2. Nf3 Nc6 3. Bc4 Nf6 4. d4 exd4 5. e5 d5 6. Bb5 Ne4 7. Nxd4 Bc5 8.
Be3 Bd7 9. Bxc6 bxc6 10. O-O Qe7 11. Re1 O-O 12. f3 Ng5 13. Qd2 Bxd4 14. Bxd4
Ne6 15. Bf2 Rfd8 16. Nc3 d4 17. Ne4 c5 18. f4 Bc6 19. f5 Bxe4 20. Rxe4 Qg5 21.
Qxg5 Nxg5 22. Rg4 h6 23. h4 Nh7 24. Rd1 Rd5 25. Bg3 f6 26. Re4 fxe5 27. c4 Nf6
28. Ree1 Rd6 29. Rxe5 Rc6 30. b4 Ng4 31. Rxc5 Rxc5 32. bxc5 Ne3 33. Rxd4 Nxf5
34. Rg4 Nxg3 35. Rxg3 Re8 36. Ra3 Re4 37. Rxa7 Rxc4 38. Rxc7 Rc1+ 39. Kf2 Rc2+
40. Kf3 Rxa2 41. h5 Rc2 42. g4 Rc4 43. c6 Kf8 44. Rc8+ Ke7 45. c7 Kf7 46. Ke3
Rc6 47. Kd4 Rc1 48. Kd5 Rd1+ 49. Kc6 1/2-1/2

[Event "Obert Figueres Miquel Mas 2010"]
[Site "Figueres ESP"]
[Date "2010.08.14"]
[Round "4.19"]
[White "Vilanova Olmedo, Ignaci"]
[Black "Sabria Batlle, Pol"]
[Result "0-1"]
[WhiteElo "1687"]
[BlackElo "2211"]
[PlyCount "50"]
[EventDate "2011.08.11"]
[EventType "swiss"]
[EventRounds "9"]
[EventCountry "ESP"]
[Source "lmi"]
[SourceDate "2010.08.11"]

1. d4 Nf6 2. Nf3 e6 3. c4 d5 4. e3 Be7 5. Bd3 O-O 6. O-O b6 7. b3 Bb7 8. Bb2
Nbd7 9. Nbd2 c5 10. dxc5 Nxc5 11. Be2 Rc8 12. Rc1 Nfe4 13. cxd5 Bxd5 14. Nxe4
Nxe4 15. Rxc8 Qxc8 16. Nd2 Nc3 17. Bxc3 Qxc3 18. Qc1 Rc8 19. Qxc3 Rxc3 20. Bd1
Rc1 21. Nc4 b5 22. Nd2 Ba3 23. Nf3 Ra1 24. Be2 Rxa2 25. Bxb5 Bxb3 0-1

[Event "Obert Figueres Miquel Mas 2010"]
[Site "Figueres ESP"]
[Date "2010.08.14"]
[Round "4.20"]
[White "Falgueras Marti, Carles"]
[Black "Vinas Serra, Jaume"]
[Result "1-0"]
[WhiteElo "2038"]
[BlackElo "1878"]
[PlyCount "61"]
[EventDate "2011.08.11"]
[EventType "swiss"]
[EventRounds "9"]
[EventCountry "ESP"]
[Source "lmi"]
[SourceDate "2010.08.11"]

1. e4 Nf6 2. e5 Nd5 3. Nc3 Nxc3 4. bxc3 d5 5. d4 Nd7 6. Bd3 Nb6 7. Rb1 g6 8.
Ne2 c6 9. O-O Bg7 10. Ng3 O-O 11. f4 e6 12. Ba3 Re8 13. Nh1 Na4 14. Qe1 b5 15.
g4 Nb6 16. Ng3 Qh4 17. Qe2 Nc4 18. Bc1 Bd7 19. f5 Bh6 20. Bxh6 Qxh6 21. Bxc4
dxc4 22. Ne4 Red8 23. fxg6 hxg6 24. Nf6+ Kg7 25. Rf3 Rdc8 26. Qg2 Be8 27. Rbf1
Rc7 28. Rh3 Qg5 29. Rh7+ Kf8 30. Qe2 a5 31. h4 1-0

[Event "Obert Figueres Miquel Mas 2010"]
[Site "Figueres ESP"]
[Date "2010.08.14"]
[Round "4.21"]
[White "Triadu Cassa, Jordi"]
[Black "Mayer, Christian"]
[Result "1/2-1/2"]
[WhiteElo "2025"]
[BlackElo "1877"]
[PlyCount "71"]
[EventDate "2011.08.11"]
[EventType "swiss"]
[EventRounds "9"]
[EventCountry "ESP"]
[Source "lmi"]
[SourceDate "2010.08.11"]

1. e4 c6 2. d4 d5 3. Nc3 dxe4 4. Nxe4 Bf5 5. Ng3 Bg6 6. Nf3 Nd7 7. h4 h6 8. h5
Bh7 9. Bd3 Bxd3 10. Qxd3 e6 11. Bd2 Qc7 12. Qe2 Ngf6 13. O-O-O O-O-O 14. Ne5
Nxe5 15. dxe5 Nd7 16. f4 Be7 17. Kb1 Rhe8 18. c4 Nc5 19. Be3 Rxd1+ 20. Rxd1 Rd8
21. Bxc5 Bxc5 22. Ne4 Rxd1+ 23. Qxd1 Be7 24. Qd4 c5 25. Qe3 Qd7 26. Qd2 Qxd2
27. Nxd2 f5 28. exf6 gxf6 29. Kc2 Kd7 30. Kd3 Kd6 31. Ne4+ Kd7 32. Nd2 f5 33.
Nf3 Bf6 34. Ne5+ Bxe5 35. fxe5 Kc6 36. Kc3 1/2-1/2

[Event "Obert Figueres Miquel Mas 2010"]
[Site "Figueres ESP"]
[Date "2010.08.14"]
[Round "4.22"]
[White "Colls Bosch, Emili"]
[Black "Pinsach Gelabert, Alexandre"]
[Result "1-0"]
[WhiteElo "2010"]
[BlackElo "1735"]
[PlyCount "127"]
[EventDate "2011.08.11"]
[EventType "swiss"]
[EventRounds "9"]
[EventCountry "ESP"]
[Source "lmi"]
[SourceDate "2010.08.11"]

1. e4 c6 2. d4 d5 3. e5 c5 4. c3 Nc6 5. h3 Bf5 6. Nf3 e6 7. Be2 cxd4 8. Nxd4
Nxd4 9. Qxd4 Ne7 10. Bg5 Nc6 11. Bxd8 Nxd4 12. cxd4 Kxd8 13. Nc3 Bb4 14. a3
Bxc3+ 15. bxc3 Ke7 16. Kd2 Rac8 17. a4 Rc7 18. Ra3 Rhc8 19. Rha1 Kd8 20. R1a2
Bg6 21. Rb2 Bf5 22. Rb4 Rd7 23. Rab3 Rcc7 24. a5 Kc8 25. h4 h6 26. Ra4 Rd8 27.
Rab4 Rdd7 28. Bb5 Rd8 29. Bf1 Rdd7 30. Ba6 Bg6 31. f3 Bh7 32. Bb5 Rd8 33. Ra4
Kb8 34. Ra2 Bg6 35. Rab2 Kc8 36. g4 Bh7 37. Ke3 Bg6 38. Rg2 Rh8 39. Kf4 h5 40.
Kg3 Kb8 41. Rgb2 Kc8 42. Re2 Rf8 43. Re3 Rh8 44. Be2 Kd7 45. Bd3 Bxd3 46. Rxd3
Kc6 47. Rd2 Rh7 48. Rh2 b5 49. axb6 axb6 50. Rhb2 Rb7 51. Ra2 hxg4 52. fxg4 Rh8
53. h5 Rbb8 54. Rf2 Rbf8 55. Rfb2 Rb8 56. Ra2 Ra8 57. Rbb2 Rxa2 58. Rxa2 Kb7
59. Kh4 g6 60. Kg5 Rg8 61. h6 Rh8 62. Rh2 Rh7 63. Kf6 Kc6 64. g5 1-0

[Event "Obert Figueres Miquel Mas 2010"]
[Site "Figueres ESP"]
[Date "2010.08.14"]
[Round "4.23"]
[White "Lazaro Porta, Angel"]
[Black "Aguila Hernandez, Eduardo"]
[Result "1-0"]
[WhiteElo "1974"]
[BlackElo "1734"]
[PlyCount "51"]
[EventDate "2011.08.11"]
[EventType "swiss"]
[EventRounds "9"]
[EventCountry "ESP"]
[Source "lmi"]
[SourceDate "2010.08.11"]

1. c4 c5 2. Nf3 Nf6 3. Nc3 Nc6 4. d4 cxd4 5. Nxd4 g6 6. e4 d6 7. Be2 Bg7 8. Be3
O-O 9. Nc2 Nd7 10. O-O e6 11. Qd2 Qa5 12. Rab1 Bxc3 13. bxc3 Nf6 14. f3 a6 15.
Kh1 Ne8 16. Nb4 Qc7 17. c5 a5 18. Nxc6 bxc6 19. Bh6 Ng7 20. cxd6 Qd7 21. e5 Re8
22. Bg5 Ba6 23. Bxa6 Rxa6 24. Bf6 Nh5 25. Qh6 Nxf6 26. exf6 1-0

[Event "Obert Figueres Miquel Mas 2010"]
[Site "Figueres ESP"]
[Date "2010.08.14"]
[Round "4.24"]
[White "Diaz Comas, Jordi"]
[Black "Criado Toledo, Llorens"]
[Result "1/2-1/2"]
[WhiteElo "1918"]
[BlackElo "2030"]
[PlyCount "27"]
[EventDate "2011.08.11"]
[EventType "swiss"]
[EventRounds "9"]
[EventCountry "ESP"]
[Source "lmi"]
[SourceDate "2010.08.11"]

1. e4 e6 2. d3 d5 3. Nd2 c6 4. g3 Nd7 5. Bg2 Ne7 6. Ngf3 Ng6 7. O-O Be7 8. c3
O-O 9. Re1 Qc7 10. Nf1 Re8 11. h4 e5 12. Ne3 dxe4 13. dxe4 Nf6 14. Nf5 1/2-1/2

[Event "Obert Figueres Miquel Mas 2010"]
[Site "Figueres ESP"]
[Date "2010.08.14"]
[Round "4.25"]
[White "Vidal Zamora, Cristina"]
[Black "Sanchez Urpi, Oriol"]
[Result "0-1"]
[WhiteElo "1677"]
[BlackElo "1911"]
[PlyCount "37"]
[EventDate "2011.08.11"]
[EventType "swiss"]
[EventRounds "9"]
[EventCountry "ESP"]
[Source "lmi"]
[SourceDate "2010.08.11"]

1. e4 c5 2. Nf3 d6 3. d4 cxd4 4. Nxd4 Nf6 5. Nc3 g6 6. Be3 Bg7 7. Be2 O-O 8.
O-O Nc6 9. Kh1 Bd7 10. f4 a6 11. Bf3 Rc8 12. a3 Na5 13. Be2 Nc4 14. Bxc4 Rxc4
15. Qd3 Rc8 16. h3 b5 17. Nce2 Qc7 18. c3 Qb7 19. Ng3 0-1

[Event "Obert Figueres Miquel Mas 2010"]
[Site "Figueres ESP"]
[Date "2010.08.14"]
[Round "4.27"]
[White "Ferreira, Kleber Victor"]
[Black "Suita Rodriguez, Natalia"]
[Result "1-0"]
[WhiteElo "2107"]
[BlackElo "1600"]
[PlyCount "57"]
[EventDate "2011.08.11"]
[EventType "swiss"]
[EventRounds "9"]
[EventCountry "ESP"]
[Source "lmi"]
[SourceDate "2010.08.11"]

1. e4 e6 2. d4 d5 3. Be3 c5 4. dxc5 Qa5+ 5. c3 dxe4 6. b4 Qc7 7. Nd2 Nf6 8.
Bb5+ Bd7 9. Bxd7+ Nbxd7 10. Ne2 Ne5 11. O-O Nfg4 12. Bf4 Rd8 13. Qa4+ Qc6 14.
Qxc6+ bxc6 15. Nxe4 Nd3 16. Nd6+ Bxd6 17. Bxd6 f6 18. Nd4 Kd7 19. Rab1 e5 20.
Nf5 g6 21. Ne3 Nh6 22. f3 Nf7 23. Rfd1 Nf4 24. Bxe5+ Ke6 25. Bxf4 Ne5 26. Bxe5
fxe5 27. Kf2 a6 28. Rxd8 Rxd8 29. Rd1 1-0

[Event "Obert Figueres Miquel Mas 2010"]
[Site "Figueres ESP"]
[Date "2010.08.14"]
[Round "4.28"]
[White "Alonso Jimenez, Joan"]
[Black "Puigvert Vigo, Lluis"]
[Result "1-0"]
[WhiteElo "1992"]
[BlackElo "1493"]
[PlyCount "61"]
[EventDate "2011.08.11"]
[EventType "swiss"]
[EventRounds "9"]
[EventCountry "ESP"]
[Source "lmi"]
[SourceDate "2010.08.11"]

1. e4 d5 2. Nc3 d4 3. Nce2 e5 4. Ng3 Nf6 5. Bc4 Be7 6. Nf3 Nc6 7. O-O O-O 8. a3
Bg4 9. h3 Bh5 10. Nxh5 Nxh5 11. d3 Kh8 12. Nxe5 Nxe5 13. Qxh5 Nxc4 14. dxc4 a5
15. Bf4 c5 16. Rad1 Qb6 17. b3 Rad8 18. Rd3 Bd6 19. e5 Be7 20. Re1 g6 21. Qf3
Qe6 22. Qxb7 f6 23. Re2 Bd6 24. exf6 Rf7 25. Rxe6 Rxb7 26. Rxd6 Rf8 27. Re6 Kg8
28. Rd2 Rbf7 29. Be5 g5 30. b4 axb4 31. axb4 1-0

[Event "Obert Figueres Miquel Mas 2010"]
[Site "Figueres ESP"]
[Date "2010.08.14"]
[Round "4.30"]
[White "Cruanas Verdu, Joaquim"]
[Black "Puig Carres, Josep"]
[Result "0-1"]
[WhiteElo "1554"]
[BlackElo "1839"]
[PlyCount "52"]
[EventDate "2011.08.11"]
[EventType "swiss"]
[EventRounds "9"]
[EventCountry "ESP"]
[Source "lmi"]
[SourceDate "2010.08.11"]

1. e4 e6 2. d4 d5 3. Nd2 Ne7 4. Ngf3 Ng6 5. Bd3 Nf4 6. Nb3 Nxd3+ 7. Qxd3 Be7 8.
Bf4 Nc6 9. exd5 exd5 10. Qe2 O-O 11. O-O-O Bf5 12. Rhe1 Re8 13. a3 Qd7 14. Qd2
b6 15. Ne5 Nxe5 16. dxe5 Rad8 17. Nd4 c5 18. Nxf5 Qxf5 19. g3 d4 20. Qe2 Qe6
21. b3 c4 22. b4 a5 23. Qd2 c3 24. Qd3 Qa2 25. Qxc3 dxc3 26. Rxd8 Qa1# 0-1

[Event "Obert Figueres Miquel Mas 2010"]
[Site "Figueres ESP"]
[Date "2010.08.14"]
[Round "4.31"]
[White "Sanchez Cobo, Javier"]
[Black "Cantenys Pages, Carles"]
[Result "1-0"]
[WhiteElo "1832"]
[BlackElo "1490"]
[PlyCount "79"]
[EventDate "2011.08.11"]
[EventType "swiss"]
[EventRounds "9"]
[EventCountry "ESP"]
[Source "lmi"]
[SourceDate "2010.08.11"]

1. e4 e5 2. f4 exf4 3. Nf3 d6 4. Bc4 Be7 5. d4 Nf6 6. Nc3 O-O 7. Bd3 Nh5 8. O-O
c6 9. Ne2 Bg4 10. c3 Nd7 11. Nxf4 Ndf6 12. h3 Nxf4 13. Bxf4 Be6 14. Qc2 g6 15.
Bh6 Re8 16. Rad1 Bf8 17. Bxf8 Kxf8 18. e5 Nd5 19. Qd2 Kg7 20. c4 Ne7 21. Ng5
Ng8 22. Qe3 Nh6 23. g4 Re7 24. Rf3 Qd7 25. Rdf1 Rf8 26. Nxe6+ Qxe6 27. Rf6 Qd7
28. g5 Ng8 29. Bc2 dxe5 30. dxe5 b6 31. Rd1 Qc7 32. Rfd6 Rfe8 33. Qd4 c5 34.
Qc3 Rxe5 35. Rd7 Qb8 36. Be4 Kf8 37. Bd5 Rxg5+ 38. Kh1 Re7 39. Rxe7 Kxe7 40.
Qg7 1-0

[Event "Obert Figueres Miquel Mas 2010"]
[Site "Figueres ESP"]
[Date "2010.08.14"]
[Round "4.34"]
[White "Regincos Oliva, Laura"]
[Black "Fleta Marin, Sergio"]
[Result "0-1"]
[WhiteElo "1337"]
[BlackElo "1720"]
[PlyCount "68"]
[EventDate "2011.08.11"]
[EventType "swiss"]
[EventRounds "9"]
[EventCountry "ESP"]
[Source "lmi"]
[SourceDate "2010.08.11"]

1. Nf3 d5 2. d4 Nf6 3. c4 dxc4 4. e3 b5 5. Nc3 c6 6. b3 b4 7. Na4 c3 8. a3 e6
9. axb4 Bxb4 10. Qc2 Qa5 11. Ra2 O-O 12. Bd3 Ba6 13. Bxa6 Qxa6 14. Nc5 Qb5 15.
Nd3 Na6 16. O-O Nc7 17. Nxb4 Rfb8 18. Ne5 c5 19. dxc5 Qxc5 20. Nbc6 Rb7 21. Ba3
Qb5 22. Ne7+ Kf8 23. Nd5+ Ke8 24. Nxf6+ gxf6 25. Nc4 Rd8 26. Qxh7 Qxb3 27. Qg8+
Kd7 28. Qxf7+ Kc8 29. Rfa1 Qxc4 30. Qxf6 c2 31. Qg6 Nb5 32. Bc1 Nc3 33. Qxc2
Ne2+ 34. Qxe2 Qxe2 0-1

[Event "Obert Figueres Miquel Mas 2010"]
[Site "Figueres ESP"]
[Date "2010.08.14"]
[Round "4.38"]
[White "Andres Sebastian, Luis"]
[Black "Cano Egea, Joan Manuel"]
[Result "1-0"]
[WhiteElo "1493"]
[BlackElo "1441"]
[PlyCount "27"]
[EventDate "2011.08.11"]
[EventType "swiss"]
[EventRounds "9"]
[EventCountry "ESP"]
[Source "lmi"]
[SourceDate "2010.08.11"]

1. e4 e5 2. Nf3 Nc6 3. Bc4 Nf6 4. Nc3 Bc5 5. h3 O-O 6. d3 h6 7. a3 a6 8. b4 Ba7
9. Bb2 d6 10. Rb1 Be6 11. Nd5 Nxd5 12. exd5 f5 13. dxe6 e4 14. e7+ 1-0

[Event "Obert Figueres Miquel Mas 2010"]
[Site "Figueres ESP"]
[Date "2010.08.14"]
[Round "5.1"]
[White "Alonso Rosell, Alvar"]
[Black "Anikaev, Yuri N"]
[Result "1/2-1/2"]
[WhiteElo "2521"]
[BlackElo "2411"]
[PlyCount "34"]
[EventDate "2011.08.11"]
[EventType "swiss"]
[EventRounds "9"]
[EventCountry "ESP"]
[Source "lmi"]
[SourceDate "2010.08.11"]

1. d4 d5 2. c4 e6 3. Nf3 Nf6 4. g3 dxc4 5. Bg2 a6 6. O-O Nc6 7. Nc3 Rb8 8. e4
Be7 9. Qe2 Nxd4 10. Nxd4 Qxd4 11. Rd1 Qc5 12. e5 Nd7 13. Bf4 O-O 14. Rac1 Qa5
15. h4 Nc5 16. Qxc4 b5 17. Qe2 Bb7 1/2-1/2

[Event "Obert Figueres Miquel Mas 2010"]
[Site "Figueres ESP"]
[Date "2010.08.14"]
[Round "5.3"]
[White "Sorbe, Stephane"]
[Black "Martinez Duany, Lelys Stanley"]
[Result "0-1"]
[WhiteElo "2358"]
[BlackElo "2510"]
[PlyCount "110"]
[EventDate "2011.08.11"]
[EventType "swiss"]
[EventRounds "9"]
[EventCountry "ESP"]
[Source "lmi"]
[SourceDate "2010.08.11"]

1. e4 c5 2. Nc3 Nc6 3. g3 h5 4. Bg2 h4 5. g4 e5 6. h3 Nge7 7. d3 Ng6 8. Nge2 d6
9. Nd5 Be7 10. Be3 O-O 11. Qd2 Nd4 12. Nec3 Be6 13. O-O b5 14. f4 exf4 15. Nxf4
Nxf4 16. Bxf4 Bf6 17. Nd5 Bxd5 18. exd5 b4 19. g5 Be7 20. c3 bxc3 21. bxc3 Nf5
22. Be4 Ng3 23. Bxg3 hxg3 24. h4 g6 25. Rf3 Qd7 26. Rxg3 Kg7 27. h5 Rae8 28.
Rf1 Bd8 29. Qf4 gxh5 30. Bf5 Qe7 31. g6 f6 32. Rh3 Rh8 33. Be6 Ba5 34. d4 Bb6
35. Bf7 cxd4 36. Bxe8 dxc3+ 37. Kh1 Rxe8 38. Rxh5 Qe4+ 39. Qxe4 Rxe4 40. Rh2
Bd4 41. Rc2 Kxg6 42. Kg2 f5 43. Kf3 Re3+ 44. Kf4 Rd3 45. Re1 Be5+ 46. Rxe5 Rd4+
47. Ke3 dxe5 48. Rxc3 Rxd5 49. Rc6+ Kg5 50. Ra6 Rd7 51. a4 e4 52. a5 Re7 53.
Rc6 f4+ 54. Ke2 Re5 55. Ra6 e3 0-1

[Event "Obert Figueres Miquel Mas 2010"]
[Site "Figueres ESP"]
[Date "2010.08.14"]
[Round "5.5"]
[White "Aroshidze, Levan"]
[Black "Casanellas Ruano, Lluis"]
[Result "1-0"]
[WhiteElo "2548"]
[BlackElo "2182"]
[PlyCount "59"]
[EventDate "2011.08.11"]
[EventType "swiss"]
[EventRounds "9"]
[EventCountry "ESP"]
[Source "lmi"]
[SourceDate "2010.08.11"]

1. e4 c6 2. d4 d5 3. e5 Bf5 4. Nf3 e6 5. Be2 Nd7 6. Nbd2 Ne7 7. Nh4 Bg6 8. O-O
Rc8 9. c3 c5 10. Nxg6 hxg6 11. Nf3 cxd4 12. cxd4 Nc6 13. g3 Be7 14. h4 a6 15.
Kg2 Na7 16. Bf4 Nb8 17. a3 Qb6 18. b4 Nbc6 19. Be3 Nb5 20. Qd3 Nb8 21. Bd2 Na7
22. Rfb1 Qc7 23. Rc1 Qd7 24. Rh1 Rc7 25. Ng5 Qd8 26. Bg4 Bxg5 27. Bxg5 Qc8 28.
h5 Rc3 29. hxg6 Rxh1 30. Rxh1 1-0

[Event "Obert Figueres Miquel Mas 2010"]
[Site "Figueres ESP"]
[Date "2010.08.14"]
[Round "5.7"]
[White "Vehi Bach, Victor Manuel"]
[Black "Vidal Zamora, Alex"]
[Result "1-0"]
[WhiteElo "2405"]
[BlackElo "2150"]
[PlyCount "97"]
[EventDate "2011.08.11"]
[EventType "swiss"]
[EventRounds "9"]
[EventCountry "ESP"]
[Source "lmi"]
[SourceDate "2010.08.11"]

1. e4 e5 2. Nf3 Nc6 3. Bc4 Nf6 4. d3 Be7 5. O-O O-O 6. Re1 d6 7. c3 Na5 8. Bb5
c6 9. Ba4 b5 10. Bc2 c5 11. Nbd2 Nc6 12. Nf1 Re8 13. Ng3 h6 14. h3 Bf8 15. d4
Qc7 16. d5 Ne7 17. Be3 Ng6 18. Qd2 Bd7 19. Ne2 Rac8 20. g4 Nh7 21. Ng3 Qd8 22.
a4 Nh4 23. Nxh4 Qxh4 24. Kh2 Ra8 25. f3 Reb8 26. Qe2 Qd8 27. f4 f6 28. f5 b4
29. cxb4 Rxb4 30. b3 a5 31. Bd2 Rb7 32. Bc3 Be7 33. Nf1 Qb8 34. Nd2 Bd8 35. Nc4
Rba7 36. Reb1 Bc8 37. Bd3 Bd7 38. Na3 Rb7 39. Bb5 Qc7 40. Rc1 Qb8 41. h4 Kf8
42. Bd2 Be7 43. Rc3 Qd8 44. Rd1 Rb6 45. Rd3 Be8 46. Qe1 Rbb8 47. Bxe8 Qxe8 48.
Bxa5 h5 49. Nc4 1-0

[Event "Obert Figueres Miquel Mas 2010"]
[Site "Figueres ESP"]
[Date "2010.08.14"]
[Round "5.9"]
[White "Alberto, Manuel"]
[Black "Adrian, Claude"]
[Result "1/2-1/2"]
[WhiteElo "2140"]
[BlackElo "2292"]
[PlyCount "120"]
[EventDate "2011.08.11"]
[EventType "swiss"]
[EventRounds "9"]
[EventCountry "ESP"]
[Source "lmi"]
[SourceDate "2010.08.11"]

1. e4 e6 2. d4 d5 3. Nc3 Bb4 4. e5 c5 5. a3 Bxc3+ 6. bxc3 Qa5 7. Bd2 Qa4 8. Nf3
b6 9. Be3 Nd7 10. Be2 Ba6 11. O-O Ne7 12. Bxa6 Qxa6 13. a4 Nc6 14. Re1 O-O 15.
Qb1 cxd4 16. cxd4 Rfc8 17. c3 Na5 18. Bd2 Rc7 19. h4 Nf8 20. h5 Qc4 21. Ra3 Qc6
22. Bc1 Nc4 23. Ra1 Rb8 24. h6 g6 25. Nh2 a5 26. Qd3 b5 27. Qf3 f5 28. exf6 Rf7
29. Qg3 Rbb7 30. axb5 Qxb5 31. Ba3 Nxa3 32. Rxa3 Rxf6 33. Ng4 Rf5 34. Qd6 Qd3
35. Ne3 Rb1 36. Ra1 Rxa1 37. Rxa1 Qxc3 38. Rb1 Rf7 39. Qe5 Qc7 40. Qg5 Qf4 41.
Qxf4 Rxf4 42. Nc2 Rf7 43. Rb8 Ra7 44. Na3 a4 45. Kf1 g5 46. Ke2 Kf7 47. Kf3 Nd7
48. Rc8 Rb7 49. Kg4 Rb3 50. Nc2 Kg6 51. Ne3 Nf6+ 52. Kf3 a3 53. Ra8 Kxh6 54.
Ra6 Kg6 55. Rxe6 a2 56. Ra6 Rb2 57. Ng4 a1=Q 58. Ne5+ Kf5 59. Rxa1 g4+ 60. Ke3
Ne4 1/2-1/2

[Event "Obert Figueres Miquel Mas 2010"]
[Site "Figueres ESP"]
[Date "2010.08.14"]
[Round "5.13"]
[White "Sabria Batlle, Pol"]
[Black "Buch Prades, Joan"]
[Result "1-0"]
[WhiteElo "2211"]
[BlackElo "1877"]
[PlyCount "107"]
[EventDate "2011.08.11"]
[EventType "swiss"]
[EventRounds "9"]
[EventCountry "ESP"]
[Source "lmi"]
[SourceDate "2010.08.11"]

1. e4 c5 2. Nf3 Nc6 3. d4 cxd4 4. Nxd4 g6 5. Nc3 Bg7 6. Nb3 Nf6 7. Be2 O-O 8.
O-O d6 9. Bg5 b6 10. f4 Bb7 11. Bf3 Nd7 12. Nd5 Bxb2 13. Rb1 Bg7 14. e5 f6 15.
exf6 exf6 16. Bh4 Nc5 17. Re1 Rb8 18. Kh1 Kh8 19. Re3 Qd7 20. Qe2 Nxb3 21. axb3
Nd4 22. Qf2 Nxf3 23. Qxf3 Qf5 24. Rd3 g5 25. Bg3 Qc8 26. Qf2 Qc6 27. f5 Rfe8
28. c4 Rbd8 29. Re1 Qc5 30. Qd2 Bc8 31. Ne7 d5 32. Rde3 Rf8 33. cxd5 Bxf5 34.
Nxf5 Rxd5 35. Rc1 Qb5 36. Nd6 Qxb3 37. Qe2 Qa4 38. Re7 Qa3 39. Rd1 Rxd1+ 40.
Qxd1 Qa2 41. Nf5 Rf7 42. h4 h6 43. Kh2 b5 44. Qd7 Rxe7 45. Qxe7 Qg8 46. Qxa7 b4
47. Nxg7 Qxg7 48. Qb8+ Kh7 49. Qxb4 f5 50. Qb1 Qf6 51. Qb7+ Kg8 52. Qb8+ Kh7
53. Be5 Qe6 54. h5 1-0

[Event "Obert Figueres Miquel Mas 2010"]
[Site "Figueres ESP"]
[Date "2010.08.14"]
[Round "5.14"]
[White "Vilar Lopez, Monica"]
[Black "Vinardell Cruanas, Sergi"]
[Result "1-0"]
[WhiteElo "2166"]
[BlackElo "1955"]
[PlyCount "95"]
[EventDate "2011.08.11"]
[EventType "swiss"]
[EventRounds "9"]
[EventCountry "ESP"]
[Source "lmi"]
[SourceDate "2010.08.11"]

1. e4 e5 2. Nf3 Nc6 3. d4 exd4 4. Nxd4 Nf6 5. Nxc6 bxc6 6. e5 Qe7 7. Qe2 Nd5 8.
c4 Nb6 9. Nc3 Qe6 10. Qe4 a5 11. Bd3 g6 12. O-O Bg7 13. Re1 O-O 14. Bd2 f6 15.
c5 f5 16. Qd4 Nd5 17. Bc4 Bb7 18. Rad1 d6 19. cxd6 cxd6 20. Bf4 Rfd8 21. a3 Kh8
22. b4 axb4 23. axb4 Qc8 24. Nxd5 cxd5 25. Bb3 h6 26. h4 Re8 27. Bxd5 Bxd5 28.
Qxd5 dxe5 29. Bxe5 Re7 30. Bxg7+ Rxg7 31. b5 Rb8 32. Qe5 Qc7 33. Qf6 Qf7 34.
Rd8+ Rxd8 35. Qxd8+ Rg8 36. Qd6 Rg7 37. b6 Kh7 38. Rc1 Qe8 39. g3 Qe4 40. Rc7
f4 41. Rxg7+ Kxg7 42. Qc7+ Kg8 43. b7 Qe1+ 44. Kg2 Qe4+ 45. Kh3 Qh1+ 46. Kg4
Qd1+ 47. f3 h5+ 48. Kg5 1-0

[Event "Obert Figueres Miquel Mas 2010"]
[Site "Figueres ESP"]
[Date "2010.08.14"]
[Round "5.15"]
[White "Parals Marce, Luis"]
[Black "Vidal Palou, Jordi"]
[Result "1-0"]
[WhiteElo "2058"]
[BlackElo "1649"]
[PlyCount "75"]
[EventDate "2011.08.11"]
[EventType "swiss"]
[EventRounds "9"]
[EventCountry "ESP"]
[Source "lmi"]
[SourceDate "2010.08.11"]

1. Nf3 Nc6 2. d4 Nf6 3. e3 g6 4. c4 d6 5. Nc3 Bg7 6. d5 Nb8 7. Be2 O-O 8. O-O
Bf5 9. Nd4 Bd7 10. e4 c5 11. Nf3 Ng4 12. Ne1 Qc8 13. Nc2 Bxc3 14. bxc3 Nf6 15.
Qd3 Bg4 16. f3 Bd7 17. Bg5 a6 18. Qe3 Ba4 19. Qd3 Bxc2 20. Qxc2 Nbd7 21. Rab1
e5 22. dxe6 fxe6 23. Rfd1 d5 24. cxd5 exd5 25. exd5 c4 26. Qd2 b5 27. Qd4 Qc5
28. a4 Qxd4+ 29. Rxd4 Rfe8 30. Bf1 Rab8 31. Bf4 Ra8 32. g4 Nc5 33. axb5 axb5
34. d6 Nb3 35. Rdd1 Rf8 36. Bg5 Nd7 37. Re1 Rxf3 38. Bg2 1-0

[Event "Obert Figueres Miquel Mas 2010"]
[Site "Figueres ESP"]
[Date "2010.08.14"]
[Round "5.16"]
[White "Cano Egea, Gerard"]
[Black "Colls Bosch, Emili"]
[Result "0-1"]
[WhiteElo "1698"]
[BlackElo "2010"]
[PlyCount "62"]
[EventDate "2011.08.11"]
[EventType "swiss"]
[EventRounds "9"]
[EventCountry "ESP"]
[Source "lmi"]
[SourceDate "2010.08.11"]

1. e4 Nf6 2. e5 Nd5 3. d4 d6 4. c4 Nb6 5. exd6 cxd6 6. Nc3 g6 7. Nf3 Bg7 8. Be3
Nc6 9. Be2 O-O 10. Rc1 Bf5 11. O-O e5 12. d5 Ne7 13. a4 Bg4 14. Nd2 Bxe2 15.
Qxe2 Nf5 16. a5 Nd7 17. b4 Nxe3 18. Qxe3 f5 19. Nb3 Qh4 20. Qg3 Qxc4 21. Na2
Qxd5 22. Rfd1 Qe6 23. Qc3 Nf6 24. Qc4 Qxc4 25. Rxc4 Rad8 26. Rdc1 Rf7 27. Nc3
d5 28. Rc5 Bf8 29. Rb5 a6 30. Rb6 d4 31. Na4 Nd5 0-1